Be reasonable (Record no. 68639)
[ view plain ]
| 000 -LEADER | |
|---|---|
| fixed length control field | 01424cam a2200265 4500 |
| 001 - CONTROL NUMBER | |
| control field | ABS64620 |
| 008 - FIXED-LENGTH DATA ELEMENTS--GENERAL INFORMATION | |
| fixed length control field | 011023n2001 000 0 eng u |
| 035 ## - SYSTEM CONTROL NUMBER | |
| System control number | (Sirsi) u115254 |
| 100 ## - MAIN ENTRY--PERSONAL NAME | |
| Personal name | Parisotti, |
| 245 ## - TITLE STATEMENT | |
| Title | Be reasonable |
| 260 ## - PUBLICATION, DISTRIBUTION, ETC. | |
| Date of publication, distribution, etc. | 2001 |
| 490 ## - SERIES STATEMENT | |
| Series statement | Building |
| Volume/sequential designation | 266(805) 12 October 2001, 51(1) |
| 520 ## - SUMMARY, ETC. | |
| Summary, etc. | Examines the problems caused by conflicting interpretations of contract terminology. Emphasises that the phrase 'reasonable skill and care' has a well established legal interpretation, but other familiar contract terms such as 'best endeavours' or 'best efforts' can have different interpretations for consultants and clients as illustrated in the case "Sheffield District Railways v Great Central Railway" (1911) which found 'best endeavours' to mean ' leave no stone unturned'. Warns that clients should also be wary of imposing a 'strict liability', and emphasises that 'reasonable skill and care' is usually the required standard in most forms of contract and common law. |
| 590 ## - LOCAL NOTE (RLIN) | |
| Local note | ABS |
| 650 ## - SUBJECT ADDED ENTRY--TOPICAL TERM | |
| Topical term or geographic name entry element | REASONABLE SKILL |
| 650 ## - SUBJECT ADDED ENTRY--TOPICAL TERM | |
| Topical term or geographic name entry element | REASONABLE CARE |
| 650 ## - SUBJECT ADDED ENTRY--TOPICAL TERM | |
| Topical term or geographic name entry element | NEGLIGENCE |
| 650 ## - SUBJECT ADDED ENTRY--TOPICAL TERM | |
| Topical term or geographic name entry element | Contracts |
| 9 (RLIN) | 6232 |
| 650 ## - SUBJECT ADDED ENTRY--TOPICAL TERM | |
| Topical term or geographic name entry element | TERMINOLOGY |
| 650 ## - SUBJECT ADDED ENTRY--TOPICAL TERM | |
| Topical term or geographic name entry element | HAMMERSMITH HOSPITALS NHS TRUST V TROUP BYWATERS AND ANDERS |
| 650 ## - SUBJECT ADDED ENTRY--TOPICAL TERM | |
| Topical term or geographic name entry element | SHEFFIELD DISTRICT RAILWAYS V GREAT CENTRAL RAILWAY COMPANY |
| 650 ## - SUBJECT ADDED ENTRY--TOPICAL TERM | |
| Topical term or geographic name entry element | INTERPRETATION |
| 690 ## - LOCAL SUBJECT ADDED ENTRY--TOPICAL TERM (OCLC, RLIN) | |
| Topical term or geographic name as entry element | BUILT ENVIRONMENT-BUILDING CONTRACT FORMS |
| 942 ## - ADDED ENTRY ELEMENTS (KOHA) | |
| Suppress in OPAC | 0 |
| Withdrawn status | Lost status | Source of classification or shelving scheme | Damaged status | Not for loan | Home library | Current library | Shelving location | Date acquired | Total Checkouts | Full call number | Barcode | Date last seen | Copy number | Price effective from | Koha item type |
|---|---|---|---|---|---|---|---|---|---|---|---|---|---|---|---|
| Dewey Decimal Classification | London | London | Journal article | 23/10/2001 | ABS64620 | 115254-1001 | 06/08/2019 | 1 | 06/08/2019 | Journal article |